000 00598nam a22001697a 4500
008 171207b xxu||||| |||| 00| 0 eng d
020 _a9813047100
082 _21994
_aDC 515
_bP57
100 _924463
_aPiascik,Chester,author.
245 _aApplied calculus :
_bfor business and the social and natural sciences /
_cChester Piascik.
260 _aSingapore :
_bInfo Access & Distribution PTE Ltd,
_c©1994.
300 _axvi, 604 pages :
_billustration ;
_c25 cm.
500 _aIncludes bibliographical references and index.
650 0 _924464
_aCalculus.
365 _b300.00
_cPhp
942 _2ddc
_cDC
999 _c7956
_d7956